| Поле | Инд. | ПП | Название | Значение |
|---|---|---|---|---|
| Тип записи | a | |||
| Библиографический уровень | b | |||
| 001 | Контрольный номер | RU/IS/BASE/140276520 | ||
| 005 | Дата корректировки | 20200526074520.1 | ||
| 084 | a | Индекс другой классификации/Индекс ББК | 65.30(2Рос)-237 | |
| 100 | 1_ | a | Автор | Гладышевский А. И. |
| q | Полное имя | Гладышевский Алексей Игоревич | ||
| 245 | a | Заглавие | Производственный аппарат России: основные характеристики и перспективы использования | |
| 504 | a | Библиография | Лит. в конце статьи. - Примеч. | |
| 520 | a | Аннотация | "В статье рассматриваются количественные и качественные официальные оценки производственного аппарата РФ на начало периода реформ, проблемы расчетов альтернативных оценок и некоторые их результаты, а также возможности использования существующего производственного аппарата в среднесрочной перспективе." | |
| 650 | a | Основная рубрика | экономика | |
| a | Основная рубрика | экономика промышленности | ||
| a | Основная рубрика | экономическое прогнозирование | ||
| 653 | a | Ключевые слова | инвестиционная политика | |
| a | Ключевые слова | качественный анализ | ||
| a | Ключевые слова | количественный анализ | ||
| a | Ключевые слова | переходная экономика | ||
| a | Ключевые слова | производственные мощности | ||
| a | Ключевые слова | производственные фонды | ||
| a | Ключевые слова | промышленное производство | ||
| a | Ключевые слова | Россия | ||
| a | Ключевые слова | среднесрочное прогнозирование | ||
| a | Ключевые слова | экономический анализ | ||
| 773 | t | Заглавие источника | Проблемы прогнозирования | |
| d | Дата издания источника | 2001 | ||
| g | Прочая информация | № 1. - С. 74 - 85 : табл. | ||
| w | Контрольный № источника | RU/IS/BASE/142087785 | ||
| 901 | t | Тип документа | b |